Normal view
MARC view
- Lectura (Educación de adultos)
Entry Materia
001 - NÚMERO DE CONTROL DEL REGISTRO
- campo de control: 9191
003 - IDENTIFICADOR DE NUMERO DE CONTROL
- campo de control: MX-MxUPN
005 - FECHA Y HORA DE LA ÚLTIMA TRANSACCIÓN
- campo de control: 20240913102425.0
008 - DATOS DE LONGITUD FIJA
- campo de control de longitud fija: 240913n||acnnnbabn n ana |d
035 ## - NÚMERO DE CONTROL DEL SISTEMA
- Número de control del sistema: UPN10000009197
040 ## - FUENTE DE LA CATALOGACIÓN
- Lengua de catalogación: spa
- Agencia de transcripción: MX-MxUPN
- Centro catalogador de origen: MX-MxUPN
150 ## - ENCABEZAMIENTO - TEMÁTICO
- Término de materia o nombre geográfico como elemento inicial: Lectura (Educación de adultos)
670 ## - FUENTE EN LA QUE SE LOCALIZARON DATOS
- Cita de la fuente: LEMB, 1998 :
902 ## - CATALOGADOR
- Catalogador: MEEG/110308
- Catalogador: MaríaRobles/130924
